MLB Cincinatti Reds Season Home Run Leaders - Statistics

General Stats
  • This quiz has been taken 44 times
    15 since last reset
  • The average score is 42 of 137
Answer Stats
Year Player % Correct
1996 Barry Larkin
93%
2009 | 2010 | 2017 | 2021 Joey Votto
93%
2024 | 2025 Elly De La Cruz
86%
1970 | 1972 | 1974 | 1975 Johnny Bench
86%
1976 | 1977 | 1978 | +3 others George Foster
71%
1967 | 1973 Tony Pérez
71%
2002 | 2003 | 2004 | +4 others Adam Dunn
64%
1956 | 1958 | 1959 | +5 others Frank Robinson
64%
1987 | 1988 | 1989 Eric Davis
57%
2018 | 2019 | 2020 Eugenio Suárez
57%
2000 | 2001 Ken Griffey Jr.
57%
1991 | 1992 Paul O'Neill
50%
1950 | 1952 | 1953 | +2 others Ted Kluszewski
50%
1990 | 1993 Chris Sabo
43%
1984 | 1985 | 1986 Dave Parker
43%
2011 | 2012 | 2013 Jay Bruce
43%
1982 Dan Driessen
36%
1966 Deron Johnson
36%
Elmer Smith*
36%
1999 Greg Vaughn
36%
2014 | 2015 Todd Frazier
36%
1939 Ernie Lombardi
29%
1963 Vada Pinson
29%
1994 Kevin Mitchell
21%
1968 | 1969 | 1971 Lee May
21%
1932 Babe Herman
14%
1945 | 1947 Eddie Miller
14%
1995 Ron Gant
14%
Aaron Boone
7%
2016 Adam Duvall
7%
1998 Bret Boone
7%
1917 | 1918 | 1920 | +3 others Edd Roush
7%
1940 | 1941 | 1942 | 1944 Frank McCormick
7%
Hal Chase
7%
1948 Hank Sauer
7%
1949 Walker Cooper
7%
1906 Admiral Schlei
0%
1937 Alex Kampouris
0%
1914 Bert Niehoff
0%
1912 Bob Bescher
0%
2022 | 2023 Brandon Drury
0%
1923 Bubbles Hargrave
0%
1934 Chick Hafey
0%
1951 Connie Ryan
0%
1904 Cozy Dolan
0%
1927 | 1929 Curt Walker
0%
Cy Seymour
0%
1909 | 1911 Dick Hoblitzell
0%
1943 Eric Tipton
0%
1905 Fred Odwell
0%
1983 Gary Redus
0%
1957 George Crowe
0%
1946 Grady Hatton
0%
Hans Lobert
0%
1930 Harry Heilmann
0%
1919 Heinie Groh
0%
1924 Ike Caveney
0%
1935 | 1936 | 1938 Ival Goodman
0%
1922 Jake Daubert
0%
1933 Jim Bottomley
0%
Jim Thorpe
0%
John Kane
0%
1913 Johnny Bates
0%
Mike Donlin
0%
Mike Mitchell
0%
1931 Nick Cullop
0%
Rube Bressler
0%
Sam Bohne
0%
1915 Tommy Griffith
0%
1928 Val Picinich
0%
1997 Willie Greene
0%
No matching quizzes found
Score Distribution
Percent of People with Each Score
Percentile by Number Answered
Your Score History
You have not taken this quiz since the last reset